000 00442cam a2200181ua 4500
001 5281
005 20260515113846.0
008 120730n ii |||gr||||Z||||||eng
040 _cMAIN
082 _a821
100 _aEliot, T. S.,
_eAuthor,
245 1 1 _aT. S. Eliot`s Theory of poetry
_cby Rajnath
250 _a1st.
260 _aNew Delhi:
_bArnold heinemann,
_c1980.
300 _a208p:
_c23cm.
653 _aEnglish poetry
942 _cBK
999 _c4459
_d4459